Statistics for Alphabetically Shifted Countries of the World Quiz

Click here to take the quiz!

General Stats

  • This quiz has been taken 201 times
    (190 since last reset)
  • The average score is 152 of 196

Answers on the Map

Answers color-coded by a green-red scale on the quiz's map according to % correct below.
 

Answer Stats

Country% Correct
A
93%
C
88%
R
88%
U
88%
A
87%
C
87%
A
86%
I
86%
A
85%
B
85%
I
85%
J
85%
M
85%
U
85%
A
84%
B
84%
G
84%
S
84%
U
84%
A
83%
I
83%
B
82%
C
82%
D
82%
E
82%
I
82%
N
82%
Y
82%
Z
82%
A
81%
B
81%
E
81%
F
81%
G
81%
I
81%
L
81%
N
81%
P
81%
S
81%
T
81%
U
81%
C
80%
D
80%
E
80%
H
80%
I
80%
J
80%
L
80%
M
80%
O
80%
P
80%
U
80%
B
79%
C
79%
E
79%
G
79%
H
79%
M
79%
N
79%
P
79%
Q
79%
R
79%
S
79%
T
79%
V
79%
A
78%
C
78%
G
78%
K
78%
L
78%
N
78%
P
78%
U
78%
B
77%
C
77%
G
77%
H
77%
I
77%
J
77%
L
77%
M
77%
N
77%
P
77%
R
77%
S
77%
V
77%
B
76%
K
76%
S
76%
T
76%
B
75%
F
75%
K
75%
M
75%
N
75%
P
75%
S
75%
T
75%
Z
75%
B
74%
C
74%
E
74%
G
74%
L
74%
N
74%
P
74%
S
74%
T
74%
E
73%
G
73%
M
73%
N
73%
S
73%
L
72%
M
72%
P
72%
S
72%
T
72%
V
72%
F
71%
M
71%
S
71%
T
71%
U
71%
C
70%
D
70%
G
70%
S
70%
T
70%
M
69%
S
69%
T
69%
C
68%
S
66%

Score Distribution

Percentile by Number Answered

Percent of People with Each Score

Your Score History

You have not taken this quiz since the last reset